Дептфордская трилогия: романы: пер. с англ.

Dades bibliogràfiques
Autor principal: Дэвис Р. Робертсон
Sumari:«Дептфордская трилогия» — Вершина творчества одного из самых знаменитых канадских писателей XX века. Три построенных на детективно-философской интриге романа прослеживают судьбы трех друзей детства, один из которых становится миллионером и политиком, другой — педагогом и агиографом, а третий — всемирно известным иллюзионистом. Отыскивая мифологические аналоги происходящих событий — страшных, трогательных, смехотворных, — персонажи стремятся выявить их психологическую истину, при том смертельно рискуя...
Idioma:rus
Publicat: СПб., Азбука-классика, 2004
Matèries:
Format: MixedMaterials Llibre
KOHA link:https://koha.lib.tpu.ru/cgi-bin/koha/opac-detail.pl?biblionumber=141941

MARC

LEADER 00000nam0a2200000 4500
001 141941
005 20231031142603.0
010 |a 5352008134 
035 |a (RuTPU)RU\TPU\book\153839 
090 |a 141941 
100 |a 20080828d2004 m y0rusy50 ca 
101 1 |a rus  |c eng 
102 |a RU 
105 |a y z 000ay 
200 1 |a Дептфордская трилогия  |e романы: пер. с англ.  |f Р. Дэвис 
210 |a СПб.  |c Азбука-классика  |d 2004 
215 |a 896 с. 
330 |a «Дептфордская трилогия» — Вершина творчества одного из самых знаменитых канадских писателей XX века. Три построенных на детективно-философской интриге романа прослеживают судьбы трех друзей детства, один из которых становится миллионером и политиком, другой — педагогом и агиографом, а третий — всемирно известным иллюзионистом. Отыскивая мифологические аналоги происходящих событий — страшных, трогательных, смехотворных, — персонажи стремятся выявить их психологическую истину, при том смертельно рискуя... 
610 1 |a канадская литература 
610 1 |a романы 
675 |a 82  |v 3 
700 1 |a Дэвис  |b Р.  |g Робертсон 
801 1 |a RU  |b 63413507  |c 20080828  |g PSBO 
801 2 |a RU  |b 63413507  |c 20081002  |g PSBO 
942 |c BK